| 000 | 01558cas a2200397 4500 | ||
|---|---|---|---|
| 001 | data | ||
| 005 | 20260322212111.0 | ||
| 008 | data | ||
| 010 | _aca 06001936 | ||
| 029 | 1 |
_aAU@ _b000025649069 |
|
| 035 | _a(OCoLC)1800279 | ||
| 040 |
_aDLC _beng _cDLC _dOCLCL _dOCLCO _dOCLCQ _dOCLCF _dOCLCA _dOCLCQ _dOCLCL |
||
| 042 | _apcc | ||
| 043 | _ae-it--- | ||
| 050 | 0 | 0 |
_aBV2595.W4 _bA3 |
| 110 | 2 |
_aChiesa evangelica valdese. _1https://id.oclc.org/worldcat/entity/E39QH7JmqqcTCRmypC7tV7TJc6 |
|
| 245 | 1 | 0 | _aRapport annuel sur l'oeuvre d'évangélisation en Italie et à l'étranger présenté aux amis et souscripteurs. |
| 246 | 1 | 3 |
_aÉglise évangélique vaudoise _f<1886-1887> |
| 260 |
_aTorre Pellice, _bTipografia Alpina. |
||
| 300 | _c23 cm | ||
| 336 |
_atext _btxt _2rdacontent |
||
| 337 |
_aunmediated _bn _2rdamedia |
||
| 515 | _a"Report year ends "1st Monday of Septembre." | ||
| 650 | 0 |
_aWaldenses _xMissions. |
|
| 650 | 0 |
_aMissions _zItaly. |
|
| 650 | 7 |
_aMissions. _2fast _0(OCoLC)fst01023771 |
|
| 650 | 7 |
_aWaldenses _xMissions. _2fast _0(OCoLC)fst01170027 |
|
| 651 | 7 |
_aItaly. _2fast _0(OCoLC)fst01204565 _1https://id.oclc.org/worldcat/entity/E39PBJvd8mVMcRhwVmbtcqCPcP |
|
| 906 |
_a7 _bcbc _cserials _d4 _encip _f19 _gn-oclcserc |
||
| 590 | _aSERBIB/SERLOC merged record | ||
| 890 |
_aChiesa evangelica valdese. Rapport annuel sur l'oeuvre d'evangélisation en Italie et à l'étranger présenté aux amis et souscripteurs. _ica06-1936 |
||
| 920 | _aKeep 1 | ||
| 991 |
_bc-GenColl _hBV2595.W4 _iA3 _wSERIALS |
||
| 992 |
_bB/L _wSERLOC |
||
| 999 |
_c1651 _d1651 |
||